000 00989nam a2200241 i 4500
001 169199
003 ES-MaACL
005 20250815070712.0
008 080822s2007 rou |||| | spa d
020 _a978-973-731-474-1
080 _a821.134.2 Santisteban, Gómez de 7 Libro del Infante don Pedro de Portugal.07
080 _a821.134.3 Pinto, Fernão Mendes 7 Peregrinação.07
100 1 _aMejía Ruiz, Carmen.
_9138271
245 1 3 _aEl oriente maravilloso y exótico
_b: dos relatos de viajes /
_cCarmen Mejía Ruiz, Mª Victoria Navas Sánchez-Élez.
260 _aBucuresti :
_bCartea Universitara,
_c2007.
300 _a355 p. ;
_c21 cm.
504 _aBibliografía: p. 336-355.
600 1 4 _aSantisteban, Gómez de.
_tLibro del Infante don Pedro de Portugal.
_9138272
600 1 7 _aPinto, Fernao Mendes,
_dca. 1509-1583.
_tPeregrinação
_2
_9138274
700 1 _aNavas Sánchez-Elez, María Victoria.
_9138273
852 _aES-MaACL
_jL-29640
999 _c169199
_d169199